The Apostle John, his life and writings. (Record no. 5141)

000 -LEADER
fixed length control field 01198nam a2200277 a 4500
001 - CONTROL NUMBER
control field :::00002882$&:&@@
003 - CONTROL NUMBER IDENTIFIER
control field OkBaRHE
005 - DATE AND TIME OF LATEST TRANSACTION
control field 20000607103258.0
008 - FIXED-LENGTH DATA ELEMENTS--GENERAL INFORMATION
fixed length control field s1984 j 000 0 eng u
040 ## - CATALOGING SOURCE
Transcribing agency
100 1# - MAIN ENTRY--PERSONAL NAME
Personal name Thomas, W. H. Griffith (William Henry Griffith), 1861-1924.
245 14 - TITLE STATEMENT
Title The Apostle John, his life and writings.
Statement of responsibility, etc Foreword by Arthur L. Farstad ; introduction by Warren W. Wiersbe.
260 ## - PUBLICATION, DISTRIBUTION, ETC. (IMPRINT)
Place of publication, distribution, etc Grand Rapids, MI., :
Name of publisher, distributor, etc Kregel Publications
Date of publication, distribution, etc c1984
300 ## - PHYSICAL DESCRIPTION
Extent 376 p. ;
Dimensions 20 cm.
490 0# - SERIES STATEMENT
Series statement W. H. Griffith Thomas memorial library.
650 ## - SUBJECT ADDED ENTRY--TOPICAL TERM
Topical term or geographic name as entry element Apostles
General subdivision Biography
650 ## - SUBJECT ADDED ENTRY--TOPICAL TERM
Topical term or geographic name as entry element Bible New Testament
General subdivision Biography
650 ## - SUBJECT ADDED ENTRY--TOPICAL TERM
Topical term or geographic name as entry element Bible New Testament Epistles Of John
General subdivision Criticism, Interpretation, Etc.
650 ## - SUBJECT ADDED ENTRY--TOPICAL TERM
Topical term or geographic name as entry element Bible New Testament John
General subdivision Criticism, Interpretation, Etc.
650 ## - SUBJECT ADDED ENTRY--TOPICAL TERM
Topical term or geographic name as entry element Bible New Testament Revelation
General subdivision Criticism, Interpretation, Etc.
650 ## - SUBJECT ADDED ENTRY--TOPICAL TERM
Topical term or geographic name as entry element Christian Saints
General subdivision Palestine
-- Biography
650 ## - SUBJECT ADDED ENTRY--TOPICAL TERM
Topical term or geographic name as entry element John, Saint, Apostle
942 ## - ADDED ENTRY ELEMENTS (KOHA)
Source of classification or shelving scheme
Koha item type Books
Copies
Full call number Lost status Copy number Permanent Location Date last seen Damaged status Date acquired Koha item type Price effective from Shelving location Withdrawn status Not for loan Source of classification or shelving scheme Barcode
BS 2455 .T5 1RHEMA Bible Training College2018-03-16 2010-04-14Books2010-04-14General Stacks   2882
BS 2455 .T5 2RHEMA Bible Training College2018-03-16 2010-04-14Books2010-04-14General Stacks   16369